33 canciones / (Record no. 27593)

MARC details
000 -LEADER
campo de control de longitud fija 00457nam a2200169 i 4500
001 - NÚMERO DE CONTROL
campo de control 27593
003 - IDENTIFICADOR DE NÚMERO DE CONTROL
campo de control ES-MaACL
005 - FECHA Y HORA DE LA ÚLTIMA TRANSACCIÓN
campo de control 20230906153645.0
007 - CAMPO FIJO DE DESCRIPCIÓN FÍSICA--INFORMACIÓN GENERAL
campo de control de longitud fija t|
008 - DATOS DE LONGITUD FIJA--INFORMACIÓN GENERAL
campo de control de longitud fija 030115q1928 sp ||||1| spa d
100 1# - ENTRADA PRINCIPAL--NOMBRE DE PERSONA
Nombre de persona Arauz, Alvaro.
9 (RLIN) 22366
245 10 - MENCIÓN DEL TÍTULO
Título 33 canciones /
Mención de responsabilidad, etc. Alvaro Arauz.
260 ## - PUBLICACIÓN, DISTRIBUCIÓN, ETC.
Lugar de publicación, distribución, etc. Cádiz :
Nombre del editor, distribuidor, etc. [s.n.,
Fecha de publicación, distribución, etc. 1928?] (
Fabricante Establecimientos Cerón)
300 ## - DESCRIPCIÓN FÍSICA
Extensión 38 p. ;
Dimensiones 20 cm.
740 0# - ENTRADA AGREGADA--TÍTULO RELACIONADO/ANALÍTICO NO CONTROLADO
Título relacionado o analítico no controlado Treinta y tres canciones.
852 ## - LOCALIZACIÓN
Ubicación ES-MaACL
Número de control de estantería 1794-F-1
Holdings
Estatus retirado Estado de pérdida Estado de daño No para préstamo Colección Biblioteca de origen Biblioteca actual Ubicación en estantería Fecha de adquisición Fuente de adquisición Total de préstamos Signatura topográfica completa Código de barras Visto por última vez Precio de reemplazo Tipo de ítem Koha
        Colección de folletos Biblioteca del Ateneo de Madrid Biblioteca del Ateneo de Madrid Depósito folletos 17/01/2008     1794-F-1 1028492 23/02/2023 23/02/2023 Folleto